Adhesives handbook (Record no. 21939)

MARC details
000 -LEADER
fixed length control field 00292nam a2200121Ia 4500
082 ## - DEWEY DECIMAL CLASSIFICATION NUMBER
Classification number 665.93(035)
Item number SHI
100 ## - MAIN ENTRY--AUTHOR NAME
Personal name Shields, J
245 #0 - TITLE STATEMENT
Title Adhesives handbook
250 ## - EDITION STATEMENT
Edition statement Ed.1 and 2
260 ## - PUBLICATION, DISTRIBUTION, ETC. (IMPRINT)
Place of publication London
Name of publisher Butterworths
Year of publication 1970
942 ## - ADDED ENTRY ELEMENTS (KOHA)
Koha item type Books
Holdings
Withdrawn status Lost status Damaged status Not for loan Home library Current library Date acquired Cost, normal purchase price Full call number Accession Number Koha item type
        RRII Library RRII Library 16/12/2021 40.50 665.93(035) SHI 02656 Books